| 000 | 00636nam a22001817a 4500 | ||
|---|---|---|---|
| 005 | 20251108173219.0 | ||
| 008 | 250721s2005 xx 000 0 ara d | ||
| 082 | 1 | 4 | _aط/539.7/دائ |
| 245 | 1 | 0 | _aموسوعة الطاقة المبسطة : القدرة النووية / |
| 264 | 1 |
_aبيروت : _bمكتبة لبنان، _c2005. |
|
| 300 | _a32ص. | ||
| 490 | 0 | _aكتب الفراشة : موسوعة الطاقة المبسطة | |
| 650 | 1 | 7 | _aالطاقة |
| 653 | _aمرحلة ناشون صغار (10-14) سنة | ||
| 710 | 2 | _aائرة الترجمة والنشر-مكتبة لبنان | |
| 942 |
_2ddc _cBK |
||
| 999 |
_c98710 _d98710 |
||